Second biggest city in Europe countries - Statistics

General Stats
  • This quiz has been taken 1,086 times
  • The average score is 20 of 42
Answer Stats
Hint Answer % Correct
Italy Milan
92%
Spain Barcelona
90%
France Marseille
89%
Germany Hamburg
88%
United Kingdom Birmingham
86%
Portugal Porto
84%
Netherlands Rotterdam
84%
Belgium Antwerp
80%
Ireland Cork
78%
Poland Kraków
78%
Switzerland Geneva
77%
Norway Bergen
73%
Greece Thessaloniki
69%
Croatia Split
64%
Austria Graz
63%
Czech Republic Brno
62%
Sweden Gothenburg
62%
Russia Saint Petersburg
60%
Denmark Aarhus
54%
Ukraine Kharkiv
46%
Lithuania Kaunas
43%
Serbia Novi Sad
43%
Bulgaria Plovdiv
38%
Hungary Debrecen
37%
Slovenia Maribor
37%
Finland Espoo
34%
Slovakia Košice
33%
Bosnia & Herzegovina Banja Luka
31%
Romania Cluj-Napoca
31%
Albania Durrës
29%
Estonia Tartu
29%
Moldova Tiraspol
27%
Latvia Daugavpils
21%
Belarus Gomel
21%
Malta Mosta
16%
Liechtenstein Schaan
16%
Macedonia Bitola
14%
Luxembourg Esch-sur-Alzette
11%
Montenegro Nikšić
11%
Iceland Kópavogur
7%
San Marino Borgo Maggiore
4%
Andorra Escaldes-Engordany
3%
No matching quizzes found
Score Distribution
Percent of People with Each Score
Percentile by Number Answered
Your Score History
You have not taken this quiz